| 000 | 00644nam a22001817a 4500 | ||
|---|---|---|---|
| 005 | 20250403143325.0 | ||
| 010 | _aENG-144467 | ||
| 020 |
_c180.00 _a9789384741297 |
||
| 035 | _aEN-127999 | ||
| 037 | _bDBAD | ||
| 082 | _a000 | ||
| 245 |
_aQuick Reasoning For Competitive Examinations/ _cEdited By Sudhi Kant Bhardwaj |
||
| 260 |
_aNew Delhi _bBhardwaj Publishing House _c2018-19 |
||
| 270 |
_aRZ-40-A, Bindapur Matiyala Road, Subhash Park Extension II, Uttam Nagar _bNew Delhi _e110059 _k9211251479 _k9999375914 |
||
| 300 |
_a304p. _c21cm(pb) |
||
| 700 |
_aBhardwaj, Sudhi Kant _eAuthor _980210 |
||
| 942 |
_2ddc _cEN _mQUI _h000 |
||
| 999 |
_c210734 _d210734 |
||